Bài giảng chăn nuôi gia súc nhai lại (Phần I: Chăn nuôi trâu bò)
Trong phần một, bài giảng nêu lên vị trí và tầm quan trọng của ngành Chăn nuôi trâu bò, nhừng đặc điểm sinh học của chúng. Quá trình sản xuất, khai thác sữa, lịch sử thuần hóa và công tác chọn giống trâu bò. Ngoài ra, giáo trình còn mô tả kỹ...
Guardado en:
| Autor principal: | |
|---|---|
| Formato: | Libro |
| Lenguaje: | Undetermined |
| Publicado: |
Cần Thơ
Trường Đại học Cần Thơ
2000
|
| Materias: | |
| Etiquetas: |
Agregar Etiqueta
Sin Etiquetas, Sea el primero en etiquetar este registro!
|
| Thư viện lưu trữ: | Trung tâm Học liệu Trường Đại học Cần Thơ |
|---|
| LEADER | 01156nam a2200217Ia 4500 | ||
|---|---|---|---|
| 001 | CTU_36379 | ||
| 008 | 210402s9999 xx 000 0 und d | ||
| 082 | |a 636.2 | ||
| 082 | |b Th500/P.1 | ||
| 100 | |a Nguyễn, Văn Thu | ||
| 245 | 0 | |a Bài giảng chăn nuôi gia súc nhai lại | |
| 245 | 0 | |b (Phần I: Chăn nuôi trâu bò) | |
| 245 | 0 | |c Biên soạn: Nguyễn Văn Thu, Nguyễn Văn Hớn | |
| 260 | |a Cần Thơ | ||
| 260 | |b Trường Đại học Cần Thơ | ||
| 260 | |c 2000 | ||
| 520 | |a Trong phần một, bài giảng nêu lên vị trí và tầm quan trọng của ngành Chăn nuôi trâu bò, nhừng đặc điểm sinh học của chúng. Quá trình sản xuất, khai thác sữa, lịch sử thuần hóa và công tác chọn giống trâu bò. Ngoài ra, giáo trình còn mô tả kỹ thuật chăn nuôi bò sữa, trâu sữa, trâu bò thịt, trâu bò cày kéo. | ||
| 650 | |a Animal culture,Cattle,Ruminantia | ||
| 650 | |x Breeding,Breeding | ||
| 904 | |i Minh | ||
| 980 | |a Trung tâm Học liệu Trường Đại học Cần Thơ | ||